000 00858nam a22002297a 4500
003 BUBTL
008 221219b ||||| |||| 00| 0 eng d
020 _a9780155728158
082 _a401.9/ C5471p/ 1977
100 _95093
_aClark, Herbert H.
245 _aPsychology and language :
_ban introduction to psycholinguistics /
_cHerbert H. Clark, Eve V. Clark
250 _a1st Edn.
260 _aNew York:
_bHarcourt Brace Jovanovich,
_cc1977
300 _axvi, 608 p.:
_c25 cm.
500 _aIncludes Index
505 _aPsychology and language : an introduction to psycholinguistics, Psychology and language, psycholinguistics, Herbert H. Clark, Eve V. Clark, English, English Language
650 0 _9194
_aEnglish Language
700 _95094
_aClark, Eve V.
856 _k0
_l0
_yDownload
942 _2ddc
_cBK
999 _c6885
_d6885